Conceptos y prácticas en geografía humana.

Guardat en:
Dades bibliogràfiques
Autor principal: Zárate Martín, Manuel Antonio (autor)
Altres autors: Rubio Benito, María Teresa
Format: Desconegut
Idioma:anglès
Publicat: Madrid, España: Universitaria Ramón Areces, UNED, 2010
Edició:Primera edición
Matèries:
Etiquetes: Afegir etiqueta
Sense etiquetes, Sigues el primer a etiquetar aquest registre!

MARC

LEADER 00000 a2200000 4500
003 CL-VaPUC
005 20220112144315.0
008 220106b2010 ||||| |||| 00| 0 eng d
999 |c 434220  |d 434218 
020 |a 8480049863 
040 |c Pontificia Universidad Católica de Valparaíso 
082 7 |a 304 ZAR 2010  |2 22 
100 1 |a Zárate Martín, Manuel Antonio  |e autor  |9 865614 
245 1 |a  Conceptos y prácticas en geografía humana. 
250 |a Primera edición  
260 |a Madrid, España:  |b Universitaria Ramón Areces,   |b UNED,   |c 2010 
300 |a 553 páginas  
583 |k Cristina María Rojas Aguilar  |c 20220106 
650 0 |a Geografía humana  |9 267193 
650 0 |a Sociedad  |9 307903 
650 0 |a Territorio  |9 378883 
700 |a Rubio Benito, María Teresa   |9 865015 
942 |2 ddc  |c BK 
952 |0 0  |1 0  |2 ddc  |4 0  |6 304_000000000000000_ZAR_2010  |7 0  |8 A  |9 580189  |a BIBING  |b BIBING  |c GEN  |d 2022-01-06  |e 3  |g 40022.00  |i 563377K  |o 304 ZAR 2010  |p 563377K  |r 2025-01-20  |t 2  |v 40022.00  |w 2022-01-06  |y BK  |k GEO 
952 |0 0  |1 0  |2 ddc  |4 0  |6 304_000000000000000_ZAR_2010  |7 0  |8 A  |9 580190  |a BIBING  |b BIBING  |c GEN  |d 2022-01-06  |e 3  |g 40022.00  |i 5633788  |o 304 ZAR 2010  |p 5633788  |r 2025-01-20  |t 3  |v 40022.00  |w 2022-01-06  |y BK  |k GEO 
952 |0 0  |1 0  |2 ddc  |4 0  |6 304_000000000000000_ZAR_2010  |7 0  |8 A  |9 580191  |a BIBING  |b BIBING  |c GEN  |d 2022-01-06  |e 3  |g 40022.00  |i 5633761  |o 304 ZAR 2010  |p 5633761  |r 2025-01-20  |t 1  |v 40022.00  |w 2022-01-06  |y BK  |k GEO